| 000 | 00611nam a2200145 4500 | ||
|---|---|---|---|
| 082 |
_a355.4742 _bCOR _cD |
||
| 100 | 1 |
_aCornish, Vaughan, _949537 |
|
| 245 | 1 | 0 |
_aNaval and military geography of the British empire _c(considered in relation to the war with Germany) Lectures given during 1914-16 to officers of the navy and army, by Vaughan Cornish. |
| 260 |
_aLondon, _bH. Rees, ltd., _c1916. |
||
| 300 |
_avi, [2], 140 p. _bincl. plates, maps. 6 fold. maps. _c22 cm. |
||
| 526 |
_a0 _b0 _c0 _d355_474200000000000_COR |
||
| 650 | 0 |
_aMCE _9379 |
|
| 650 | 0 |
_aMilitary geography _zGreat Britain. _949538 |
|
| 942 |
_2ddc _cBK |
||
| 999 |
_c552315 _d552315 |
||